Facultad de Derecho – Universidad Nacional de Mar del Plata

Dinamica de la crisis global (Record no. 2099)

MARC details
000 -LEADER
fixed length control field 00801cam a22002657a 4500
001 - CONTROL NUMBER
control field 002108
003 - CONTROL NUMBER IDENTIFIER
control field armpunfd
005 - DATE AND TIME OF LATEST TRANSACTION
control field 20140612090659.0
008 - FIXED-LENGTH DATA ELEMENTS--GENERAL INFORMATION
fixed length control field 070912e0####xx#a##########000#0#und#d
040 ## - CATALOGING SOURCE
Original cataloging agency armpunfd
Transcribing agency armpunfd
080 ## - UNIVERSAL DECIMAL CLASSIFICATION NUMBER
Universal Decimal Classification number 330.342.14 AM 51
100 10 - MAIN ENTRY--PERSONAL NAME
Personal name Amin Samir
245 10 - TITLE STATEMENT
Title Dinamica de la crisis global
260 ## - PUBLICATION, DISTRIBUTION, ETC. (IMPRINT)
Place of publication, distribution, etc Exico : Siglo Xxi Editores
Name of publisher, distributor, etc 1999. Isbn: 968-23-0909-3.256 P.
650 #7 - SUBJECT ADDED ENTRY--TOPICAL TERM
Topical term or geographic name as entry element Cisis De Ideologia
Source of heading or term LEMB
650 #7 - SUBJECT ADDED ENTRY--TOPICAL TERM
Topical term or geographic name as entry element Crisis De Hegemonia
Source of heading or term LEMB
650 #7 - SUBJECT ADDED ENTRY--TOPICAL TERM
Topical term or geographic name as entry element Crisis De Transicion
Source of heading or term LEMB
650 #7 - SUBJECT ADDED ENTRY--TOPICAL TERM
Topical term or geographic name as entry element Crisis Del Capitalismo
Source of heading or term LEMB
650 #7 - SUBJECT ADDED ENTRY--TOPICAL TERM
Topical term or geographic name as entry element Crisis Del Sistema Sovietico
Source of heading or term LEMB
700 10 - ADDED ENTRY--PERSONAL NAME
Personal name Arrighi Giovanni
700 10 - ADDED ENTRY--PERSONAL NAME
Personal name Gunder Frank Andre
700 10 - ADDED ENTRY--PERSONAL NAME
Personal name Wallerstein Immanuel
942 ## - ADDED ENTRY ELEMENTS (KOHA)
Koha item type LIBRO
Source of classification or shelving scheme
945 ## - LOCAL PROCESSING INFORMATION (OCLC)
a Catalis
d 2010-08-19
Holdings
Withdrawn status Lost status Source of classification or shelving scheme Damaged status Not for loan Home library Current library Shelving location Date acquired Total Checkouts Full call number Barcode Date last seen Date checked out Price effective from Koha item type
          Bib. Derecho Bib. Derecho Sala de Lectura 12/06/2014 2 330.342.14 AM 51 202017 08/09/2016 08/09/2016 12/06/2014 LIBRO (Consulta)

XHTML | CSS | ©Biblioteca Central - Dto. Tecnología de la Información - [ Con tecnología Koha ]